[Event "Aalborg"]
[Site "Aalborg"]
[Date "1995.??.??"]
[Round "6"]
[White "Barkhagen, Jonas"]
[Black "Maksimenko, Andrei"]
[Result "0-1"]
[WhiteElo "2405"]
[BlackElo "2550"]
[PlyCount "48"]
[EventDate "1995.??.??"]
[EventType "tourn"]
[EventRounds "9"]
[EventCountry "DEN"]
[EventCategory "8"]
[SourceTitle "CBM 049 Extra"]
[Source "ChessBase"]
[SourceDate "1996.01.01"]

1. d4 Nf6 2. c4 e6 3. Nf3 d5 4. Nc3 dxc4 5. e3 a6 6. Bxc4 c5 7. O-O b5 8. Bb3
Bb7 9. e4 cxd4 10. Nxd4 b4 11. e5 Nfd7 12. Bxe6 Nc5 13. Bc4 bxc3 14. e6 Nxe6
15. Re1 Be7 16. Bxe6 fxe6 17. Qh5+ g6 18. Qe5 O-O 19. Nxe6 Bf6 20. Qc5 Nd7 21.
Qe3 Qa5 22. Nxf8 Nxf8 23. Rd1 Qa4 24. Rd6 Re8 0-1

[Event "Aalborg"]
[Site "Aalborg"]
[Date "1995.??.??"]
[Round "2"]
[White "Berg, Klaus"]
[Black "Kovalev, Andrei"]
[Result "1/2-1/2"]
[WhiteElo "2420"]
[BlackElo "2505"]
[PlyCount "48"]
[EventDate "1995.??.??"]
[EventType "tourn"]
[EventRounds "9"]
[EventCountry "DEN"]
[EventCategory "8"]
[SourceTitle "CBM 049 Extra"]
[Source "ChessBase"]
[SourceDate "1996.01.01"]

1. d4 Nf6 2. c4 g6 3. Nc3 Bg7 4. e4 O-O 5. Bg5 c5 6. d5 d6 7. Qd2 b5 8. cxb5 a6
9. bxa6 Qa5 10. Nf3 Bxa6 11. Bxa6 Qxa6 12. Rd1 Nbd7 13. Qd3 Rfb8 14. Bc1 c4 15.
Qe2 Nc5 16. O-O Na4 17. Nxa4 Qa5 18. e5 Ng4 19. exd6 exd6 20. b3 cxb3 21. axb3
Rxb3 22. h3 Nf6 23. Qe1 Rb5 24. Qe7 Rxd5 1/2-1/2

[Event "Aalborg"]
[Site "Aalborg"]
[Date "1995.??.??"]
[Round "4"]
[White "Berg, Klaus"]
[Black "Pedersen, Steffen"]
[Result "1/2-1/2"]
[WhiteElo "2420"]
[BlackElo "2405"]
[PlyCount "34"]
[EventDate "1995.??.??"]
[EventType "tourn"]
[EventRounds "9"]
[EventCountry "DEN"]
[EventCategory "8"]
[SourceTitle "CBM 049 Extra"]
[Source "ChessBase"]
[SourceDate "1996.01.01"]

1. d4 d5 2. Bg5 c6 3. e3 Qb6 4. b3 h6 5. Bf4 Bf5 6. Bd3 Bxd3 7. Qxd3 Nf6 8. Nf3
Qa6 9. c4 Nbd7 10. O-O e6 11. h3 c5 12. Nc3 Rc8 13. Nb5 Qa5 14. Rfc1 a6 15.
Nd6+ Bxd6 16. Bxd6 Rc6 17. dxc5 Nxc5 1/2-1/2

[Event "Aalborg"]
[Site "Aalborg"]
[Date "1995.??.??"]
[Round "9"]
[White "Berg, Klaus"]
[Black "Jakobsen, Lars Veno"]
[Result "1-0"]
[WhiteElo "2420"]
[BlackElo "2310"]
[PlyCount "39"]
[EventDate "1995.??.??"]
[EventType "tourn"]
[EventRounds "9"]
[EventCountry "DEN"]
[EventCategory "8"]
[SourceTitle "CBM 049 Extra"]
[Source "ChessBase"]
[SourceDate "1996.01.01"]

1. d4 Nf6 2. Nf3 e6 3. e3 b6 4. Bd3 Bb7 5. O-O c5 6. c4 Be7 7. Nc3 cxd4 8. exd4
d5 9. cxd5 Nxd5 10. Ne5 O-O 11. Qg4 Nf6 12. Qh4 Nbd7 13. Rd1 Ne4 14. Qh3 Ndf6
15. d5 Nxc3 16. bxc3 Bxd5 17. Bg5 h6 18. Bxh6 gxh6 19. Qxh6 Qb8 20. Nd7 1-0

[Event "Aalborg"]
[Site "Aalborg"]
[Date "1995.??.??"]
[Round "4"]
[White "Jakobsen, Lars Veno"]
[Black "Lyrberg, Patrik"]
[Result "1/2-1/2"]
[WhiteElo "2310"]
[BlackElo "2400"]
[PlyCount "158"]
[EventDate "1995.??.??"]
[EventType "tourn"]
[EventRounds "9"]
[EventCountry "DEN"]
[EventCategory "8"]
[SourceTitle "CBM 049 Extra"]
[Source "ChessBase"]
[SourceDate "1996.01.01"]

1. d4 Nf6 2. c4 g6 3. Nc3 Bg7 4. e4 d6 5. Be2 O-O 6. Bg5 Nbd7 7. Qd2 a6 8. f3
c5 9. d5 b5 10. cxb5 axb5 11. Bxb5 Ba6 12. Nge2 Qb6 13. Bxa6 Rxa6 14. O-O Rb8
15. Rab1 Ne8 16. Be3 Qb7 17. b3 Nc7 18. a4 Rb6 19. Nc1 Rb4 20. Ra1 Ne5 21. Ra3
Qa6 22. Qc2 c4 23. N3a2 R4b7 24. Nc3 Qa5 25. N3e2 Qb4 26. Qa2 e6 27. dxe6 Nxe6
28. f4 cxb3 29. Rxb3 Qxe4 30. Ng3 Rxb3 31. Nxe4 Rxe3 32. fxe5 Rxe4 33. exd6 Rd4
34. Qa3 Be5 35. Qf3 Rf8 36. Rd1 Rxa4 37. d7 Rd8 38. Nb3 Ra7 39. Qe3 Bb8 40. Nc5
Nf8 41. Qe7 Bc7 42. Rf1 Rxd7 43. Nxd7 Bb6+ 44. Kh1 Rxd7 45. Qe8 h5 46. g3 Bd8
47. Ra1 Bb6 48. Ra8 Rd1+ 49. Kg2 Bc5 50. Rc8 Rd2+ 51. Kf1 Rf2+ 52. Ke1 Rf5 53.
Kd2 Bd6 54. Rd8 Re5 55. Qc6 Be7 56. Re8 Bg5+ 57. Kd3 Rf5 58. h3 Bh6 59. Ke2 Bg7
60. Qd6 Rb5 61. Kf3 Rf5+ 62. Kg2 Rb5 63. Rb8 Rf5 64. g4 hxg4 65. hxg4 Ra5 66.
Qe7 Ra2+ 67. Kg3 Ra1 68. Kg2 Ra2+ 69. Kg3 Ra1 70. Rb3 Rf1 71. Qe8 Rf6 72. Rf3
Rxf3+ 73. Kxf3 Bf6 74. Ke4 Kg7 75. Kd5 Ne6 76. Kd6 Bd4 77. Qc8 Bc5+ 78. Kd7 Bf8
79. Ke8 Kg8 1/2-1/2

[Event "Aalborg"]
[Site "Aalborg"]
[Date "1995.??.??"]
[Round "2"]
[White "Jakobsen, Lars Veno"]
[Black "Sorensen, Bent"]
[Result "1/2-1/2"]
[WhiteElo "2310"]
[BlackElo "2300"]
[PlyCount "26"]
[EventDate "1995.??.??"]
[EventType "tourn"]
[EventRounds "9"]
[EventCountry "DEN"]
[EventCategory "8"]
[SourceTitle "CBM 049 Extra"]
[Source "ChessBase"]
[SourceDate "1996.01.01"]

1. d4 d5 2. c4 c6 3. Nf3 Nf6 4. Nc3 e6 5. cxd5 exd5 6. Bg5 Bf5 7. Qb3 Qb6 8.
Qxb6 axb6 9. Bxf6 gxf6 10. e3 b5 11. Kd2 b4 12. Nd1 Nd7 13. b3 Bd6 1/2-1/2

[Event "Aalborg"]
[Site "Aalborg"]
[Date "1995.??.??"]
[Round "5"]
[White "Kovalev, Andrei"]
[Black "Barkhagen, Jonas"]
[Result "1/2-1/2"]
[WhiteElo "2505"]
[BlackElo "2405"]
[PlyCount "73"]
[EventDate "1995.??.??"]
[EventType "tourn"]
[EventRounds "9"]
[EventCountry "DEN"]
[EventCategory "8"]
[SourceTitle "CBM 049 Extra"]
[Source "ChessBase"]
[SourceDate "1996.01.01"]

1. e4 e5 2. Nf3 Nc6 3. Bb5 a6 4. Ba4 Nf6 5. O-O Be7 6. Re1 b5 7. Bb3 d6 8. c3
O-O 9. h3 Nd7 10. d4 Bf6 11. Be3 Na5 12. Bc2 Nc4 13. Bc1 Bb7 14. Qd3 g6 15. b3
Ncb6 16. Bh6 Re8 17. d5 Nc5 18. Qe3 c6 19. dxc6 Bxc6 20. Nbd2 Ne6 21. Rad1 Rc8
22. Nh2 Bb7 23. Ng4 Be7 24. Nf3 Nd7 25. Rd3 Qa5 26. a4 Qc7 27. axb5 axb5 28. b4
Nb6 29. Nd2 d5 30. exd5 Nxd5 31. Qxe5 Qxe5 32. Rxe5 Nxb4 33. cxb4 Rxc2 34. Ne4
Bxe4 35. Rxe4 Rc4 36. Rxc4 bxc4 37. Rc3 1/2-1/2

[Event "Aalborg"]
[Site "Aalborg"]
[Date "1995.??.??"]
[Round "1"]
[White "Kovalev, Andrei"]
[Black "Maksimenko, Andrei"]
[Result "1/2-1/2"]
[WhiteElo "2505"]
[BlackElo "2550"]
[PlyCount "21"]
[EventDate "1995.??.??"]
[EventType "tourn"]
[EventRounds "9"]
[EventCountry "DEN"]
[EventCategory "8"]
[SourceTitle "CBM 049 Extra"]
[Source "ChessBase"]
[SourceDate "1996.01.01"]

1. e4 c5 2. Nf3 Nc6 3. d4 cxd4 4. Nxd4 Nf6 5. Nc3 d6 6. Be2 e5 7. Nb3 Be7 8.
O-O Be6 9. f4 exf4 10. Bxf4 O-O 11. Kh1 1/2-1/2

[Event "Aalborg"]
[Site "Aalborg"]
[Date "1995.??.??"]
[Round "7"]
[White "Kristiansen, Jens"]
[Black "Jakobsen, Lars Veno"]
[Result "1-0"]
[WhiteElo "2455"]
[BlackElo "2310"]
[PlyCount "49"]
[EventDate "1995.??.??"]
[EventType "tourn"]
[EventRounds "9"]
[EventCountry "DEN"]
[EventCategory "8"]
[SourceTitle "CBM 049 Extra"]
[Source "ChessBase"]
[SourceDate "1996.01.01"]

1. e4 c5 2. d3 Nc6 3. g3 d5 4. Nd2 Nf6 5. Ngf3 e6 6. Bg2 Be7 7. O-O O-O 8. Re1
b5 9. e5 Nd7 10. Nf1 a5 11. Bf4 b4 12. h4 a4 13. a3 bxa3 14. bxa3 Nd4 15. c4
Nb6 16. Nxd4 cxd4 17. Qg4 Kh8 18. Bg5 Bxg5 19. hxg5 Ra5 20. Rad1 Qe7 21. Qxd4
Qc5 22. Qxc5 Rxc5 23. Rb1 Nd7 24. cxd5 exd5 25. d4 1-0

[Event "Aalborg"]
[Site "Aalborg"]
[Date "1995.??.??"]
[Round "9"]
[White "Kristiansen, Jens"]
[Black "Kovalev, Andrei"]
[Result "0-1"]
[WhiteElo "2455"]
[BlackElo "2505"]
[PlyCount "104"]
[EventDate "1995.??.??"]
[EventType "tourn"]
[EventRounds "9"]
[EventCountry "DEN"]
[EventCategory "8"]
[SourceTitle "CBM 049 Extra"]
[Source "ChessBase"]
[SourceDate "1996.01.01"]

1. e4 c5 2. d3 Nc6 3. g3 d5 4. Nd2 e6 5. Ngf3 g6 6. Bg2 Bg7 7. O-O Nge7 8. Re1
O-O 9. h4 b6 10. h5 Bb7 11. hxg6 hxg6 12. e5 Qc7 13. Qe2 g5 14. Nxg5 Qxe5 15.
Nde4 Nd4 16. Qh5 Qf5 17. Nd6 Qg6 18. Qd1 Ba6 19. a4 e5 20. Nb5 Nxb5 21. axb5
Bxb5 22. Qg4 a5 23. f4 f5 24. Qe2 e4 25. c4 Ba6 26. dxe4 dxe4 27. g4 Rae8 28.
Ra3 Bd4+ 29. Kh2 Kg7 30. Rh3 Rh8 31. Be3 fxg4 32. Rxh8 Rxh8+ 33. Kg1 Nf5 34.
Bxd4+ Nxd4 35. Qxg4 Bc8 36. Qg3 Bf5 37. Bxe4 Re8 38. Bxf5 Rxe1+ 39. Qxe1 Qxf5
40. Qe7+ Kh6 41. Nf7+ Kh5 42. Qg5+ Qxg5+ 43. fxg5 Kg6 44. Ne5+ Kxg5 45. Nd7 Kf4
46. Nxb6 Ke3 47. Na4 Ne6 48. Kg2 Kd3 49. Nb6 Kc2 50. Kf3 Kxb2 51. Ke4 Kb3 52.
Kd5 a4 0-1

[Event "Aalborg"]
[Site "Aalborg"]
[Date "1995.??.??"]
[Round "5"]
[White "Kristiansen, Jens"]
[Black "Maksimenko, Andrei"]
[Result "0-1"]
[WhiteElo "2455"]
[BlackElo "2550"]
[PlyCount "54"]
[EventDate "1995.??.??"]
[EventType "tourn"]
[EventRounds "9"]
[EventCountry "DEN"]
[EventCategory "8"]
[SourceTitle "CBM 049 Extra"]
[Source "ChessBase"]
[SourceDate "1996.01.01"]

1. e4 c5 2. d3 Nc6 3. g3 g6 4. Bg2 Bg7 5. f4 d6 6. Nf3 e6 7. O-O Nge7 8. c3 O-O
9. Be3 b6 10. d4 Ba6 11. Re1 cxd4 12. cxd4 Rc8 13. Nc3 Na5 14. Bf2 Qd7 15. Rc1
Rc7 16. Bh3 Nc4 17. Re2 d5 18. e5 Rfc8 19. Be1 Bf8 20. Kf2 Nc6 21. Nb1 Nxd4 22.
Nxd4 Nxb2 23. Rxb2 Rxc1 24. Qb3 Bc5 25. Rd2 Qb5 26. Qxb5 Bxb5 27. Na3 Ba6 0-1

[Event "Aalborg"]
[Site "Aalborg"]
[Date "1995.??.??"]
[Round "5"]
[White "Lyrberg, Patrik"]
[Black "Sorensen, Bent"]
[Result "1-0"]
[WhiteElo "2400"]
[BlackElo "2300"]
[PlyCount "111"]
[EventDate "1995.??.??"]
[EventType "tourn"]
[EventRounds "9"]
[EventCountry "DEN"]
[EventCategory "8"]
[SourceTitle "CBM 049 Extra"]
[Source "ChessBase"]
[SourceDate "1996.01.01"]

1. e4 e6 2. d3 d5 3. Nd2 Nf6 4. Ngf3 Nc6 5. g3 dxe4 6. dxe4 e5 7. Bg2 Bc5 8.
O-O O-O 9. c3 a5 10. Qe2 a4 11. Nc4 Qe7 12. Rb1 b6 13. b4 axb3 14. axb3 b5 15.
Ne3 b4 16. Nd5 Nxd5 17. exd5 Ba6 18. c4 Nd4 19. Nxd4 Bxd4 20. Bb2 Bxb2 21. Rxb2
Bb7 22. Re1 f6 23. f4 c6 24. fxe5 fxe5 25. Rd2 cxd5 26. Rxd5 Rfe8 27. Rxe5 Qxe5
28. Qxe5 Rxe5 29. Rxe5 Ra1+ 30. Bf1 Rb1 31. Re3 Kf7 32. Kf2 Kf6 33. Be2 h6 34.
Bf3 Bxf3 35. Kxf3 Rb2 36. h3 Rh2 37. Ke4 Rxh3 38. Kd5 h5 39. c5 h4 40. c6 Rxg3
41. c7 Rxe3 42. c8=Q Rxb3 43. Qc4 Rg3 44. Qf4+ Kg6 45. Qxh4 Rg5+ 46. Ke6 b3 47.
Qe4+ Kh6 48. Kf7 Kh5 49. Qf3+ Kh4 50. Qxb3 Kg4 51. Qe3 Kh4 52. Qf4+ Kh5 53. Kg8
Kg6 54. Qf3 Kh6 55. Kf7 g6 56. Qe3 1-0

[Event "Aalborg"]
[Site "Aalborg"]
[Date "1995.??.??"]
[Round "3"]
[White "Lyrberg, Patrik"]
[Black "Berg, Klaus"]
[Result "0-1"]
[WhiteElo "2400"]
[BlackElo "2420"]
[PlyCount "64"]
[EventDate "1995.??.??"]
[EventType "tourn"]
[EventRounds "9"]
[EventCountry "DEN"]
[EventCategory "8"]
[SourceTitle "CBM 049 Extra"]
[Source "ChessBase"]
[SourceDate "1996.01.01"]

1. Nf3 d6 2. d4 Bg4 3. e4 Nf6 4. Nc3 e6 5. Be2 c6 6. h3 Bxf3 7. Bxf3 d5 8. O-O
Be7 9. Bf4 O-O 10. Qd2 Qb6 11. e5 Nfd7 12. a3 c5 13. dxc5 Qxc5 14. b4 Qb6 15.
Nxd5 exd5 16. Qxd5 a5 17. c3 axb4 18. cxb4 Qc6 19. Qd4 Qb5 20. Rfc1 Bd8 21. Qe4
Nc6 22. Be2 Qa4 23. Bd3 g6 24. Bc4 Kg7 25. Re1 Ndxe5 26. Bd5 Bf6 27. Rab1 Rfe8
28. b5 Nd8 29. Qe3 Re7 30. Bh6+ Kg8 31. f4 Ng4 32. Bxf7+ Nxf7 0-1

[Event "Aalborg"]
[Site "Aalborg"]
[Date "1995.??.??"]
[Round "8"]
[White "Lyrberg, Patrik"]
[Black "Pedersen, Steffen"]
[Result "1-0"]
[WhiteElo "2400"]
[BlackElo "2405"]
[PlyCount "61"]
[EventDate "1995.??.??"]
[EventType "tourn"]
[EventRounds "9"]
[EventCountry "DEN"]
[EventCategory "8"]
[SourceTitle "CBM 049 Extra"]
[Source "ChessBase"]
[SourceDate "1996.01.01"]

1. e4 c5 2. Nf3 d6 3. d4 cxd4 4. Nxd4 Nf6 5. Nc3 a6 6. Bg5 e6 7. Qd2 h6 8. Bxf6
Qxf6 9. f4 Qd8 10. O-O-O Be7 11. g4 Bd7 12. Bg2 Nc6 13. Nf3 b5 14. h4 Rc8 15.
g5 Qa5 16. Kb1 Nb4 17. Nd4 O-O 18. a3 Nc6 19. Nxc6 Bxc6 20. Nd5 Qd8 21. Nxe7+
Qxe7 22. gxh6 gxh6 23. e5 d5 24. f5 f6 25. Rhg1 exf5 26. Be4+ Kf7 27. Bxd5+ Ke8
28. exf6 Qxf6 29. Rge1+ Kd7 30. Bxc6+ Kxc6 31. Qd7+ 1-0

[Event "Aalborg"]
[Site "Aalborg"]
[Date "1995.??.??"]
[Round "7"]
[White "Maksimenko, Andrei"]
[Black "Berg, Klaus"]
[Result "1-0"]
[WhiteElo "2550"]
[BlackElo "2420"]
[PlyCount "83"]
[EventDate "1995.??.??"]
[EventType "tourn"]
[EventRounds "9"]
[EventCountry "DEN"]
[EventCategory "8"]
[SourceTitle "CBM 049 Extra"]
[Source "ChessBase"]
[SourceDate "1996.01.01"]

1. d4 Nf6 2. c4 c5 3. d5 b5 4. Nf3 Ba6 5. cxb5 Bxb5 6. Nc3 Ba6 7. g3 g6 8. Bg2
d6 9. O-O Bg7 10. Re1 O-O 11. e4 Nbd7 12. h3 Rb8 13. Qc2 Qa5 14. Rb1 Ne8 15.
Bg5 Nef6 16. e5 dxe5 17. Nxe5 Nxe5 18. Rxe5 Rfe8 19. Rbe1 Kf8 20. Qa4 Qxa4 21.
Nxa4 h6 22. Nxc5 hxg5 23. Nxa6 Rxb2 24. Nc7 Rd8 25. Rxe7 Rxa2 26. Bf1 Kg8 27.
d6 Rxd6 28. Bc4 Rc2 29. Bxf7+ Kh7 30. Ne6 Rdd2 31. Rf1 Ne4 32. Nxg7 Nxf2 33.
Be6 Kh6 34. Nf5+ gxf5 35. Bxf5 g4 36. Bxc2 Nxh3+ 37. Kh1 Rxc2 38. Re6+ Kg7 39.
Re7+ Kg8 40. Rb1 Nf2+ 41. Kg1 Nh3+ 42. Kf1 1-0

[Event "Aalborg"]
[Site "Aalborg"]
[Date "1995.??.??"]
[Round "2"]
[White "Maksimenko, Andrei"]
[Black "Lyrberg, Patrik"]
[Result "1-0"]
[WhiteElo "2550"]
[BlackElo "2400"]
[PlyCount "89"]
[EventDate "1995.??.??"]
[EventType "tourn"]
[EventRounds "9"]
[EventCountry "DEN"]
[EventCategory "8"]
[SourceTitle "CBM 049 Extra"]
[Source "ChessBase"]
[SourceDate "1996.01.01"]

1. d4 Nf6 2. c4 e6 3. Nf3 c5 4. Nc3 cxd4 5. Nxd4 b6 6. e4 d6 7. Be2 Bb7 8. f3
a6 9. Be3 Nbd7 10. O-O Be7 11. a4 O-O 12. a5 bxa5 13. Nb3 Rb8 14. Nxa5 Ba8 15.
Qd2 Qc7 16. Rfb1 Rfd8 17. Rc1 Ne5 18. Bd4 Nfd7 19. Nd5 exd5 20. cxd5 Nc5 21. b4
Nxe4 22. fxe4 Qd7 23. Bxa6 Qg4 24. Qe2 Qxe2 25. Bxe2 Rxb4 26. Bxe5 dxe5 27. Nc6
Bxc6 28. dxc6 Rc8 29. c7 Bd6 30. Ra6 Rd4 31. Bg4 f5 32. Rxd6 fxg4 33. Rxd4 exd4
34. Kf2 Kf7 35. Ke2 Ke6 36. Kd3 Kd7 37. Kxd4 Rxc7 38. Rxc7+ Kxc7 39. Ke5 g3 40.
hxg3 Kd7 41. Kd5 Ke7 42. g4 Kd7 43. e5 Ke7 44. e6 h6 45. Ke5 1-0

[Event "Aalborg"]
[Site "Aalborg"]
[Date "1995.??.??"]
[Round "9"]
[White "Pedersen, Steffen"]
[Black "Barkhagen, Jonas"]
[Result "1/2-1/2"]
[WhiteElo "2405"]
[BlackElo "2405"]
[PlyCount "142"]
[EventDate "1995.??.??"]
[EventType "tourn"]
[EventRounds "9"]
[EventCountry "DEN"]
[EventCategory "8"]
[SourceTitle "CBM 049 Extra"]
[Source "ChessBase"]
[SourceDate "1996.01.01"]

1. e4 e5 2. Nf3 Nc6 3. d4 exd4 4. Nxd4 Nf6 5. Nc3 Bb4 6. Nxc6 bxc6 7. Bd3 d5 8.
exd5 Qe7+ 9. Qe2 Qxe2+ 10. Kxe2 cxd5 11. Nb5 Kd8 12. Rd1 Bd7 13. Bf4 Ba5 14. b4
Bxb5 15. Bxb5 Rb8 16. a4 Bxb4 17. c4 Bd6 18. Be3 Ne4 19. Rac1 a6 20. Bxa6 Rb2+
21. Kf1 dxc4 22. Bxc4 f5 23. f3 f4 24. Bxf4 Rf8 25. Be3 Ke7 26. Kg1 Nc5 27. Bb5
Ne6 28. Re1 Kd8 29. Bc6 Nf4 30. Bxf4 Bxf4 31. Rc4 Bd2 32. Re2 Kc8 33. Rce4 Rd8
34. Re8 Rb1+ 35. Kf2 Bg5 36. Rxd8+ Bxd8 37. Re8 Rd1 38. Rg8 g5 39. Rh8 Rd6 40.
Be4 h6 41. Kg3 c5 42. Kg4 Rd2 43. f4 Rd4 44. Kf5 Rxa4 45. Rxh6 c4 46. Rc6+ Kd7
47. fxg5 Ra5+ 48. Kg4 Rxg5+ 49. Kf3 Rf5+ 50. Ke2 Rf8 51. Rxc4 Ke6 52. Bf3 Rh8
53. h3 Ke5 54. Kf2 Bh4+ 55. g3 Be7 56. Re4+ Kf6 57. h4 Bd6 58. Bg4 Be5 59. Rc4
Rb8 60. Rc6+ Kg7 61. Re6 Bd4+ 62. Kg2 Rb6 63. Re4 Bf6 64. Be2 Rd6 65. Kh3 Rd4
66. Re3 Rd5 67. Bf3 Rc5 68. Re4 Rc3 69. Rg4+ Kh8 70. Rf4 Kg7 71. Be4 Rxg3+
1/2-1/2

[Event "Aalborg"]
[Site "Aalborg"]
[Date "1995.??.??"]
[Round "7"]
[White "Pedersen, Steffen"]
[Black "Kovalev, Andrei"]
[Result "1/2-1/2"]
[WhiteElo "2405"]
[BlackElo "2505"]
[PlyCount "121"]
[EventDate "1995.??.??"]
[EventType "tourn"]
[EventRounds "9"]
[EventCountry "DEN"]
[EventCategory "8"]
[SourceTitle "CBM 049 Extra"]
[Source "ChessBase"]
[SourceDate "1996.01.01"]

1. d4 Nf6 2. c4 g6 3. Nc3 Bg7 4. Bg5 c5 5. d5 d6 6. e3 Qa5 7. Qd2 Nbd7 8. Nf3
h6 9. Bh4 g5 10. Bg3 Nh5 11. Bd3 Nxg3 12. hxg3 g4 13. Nh4 Ne5 14. Be2 a6 15. f4
gxf3 16. gxf3 Bd7 17. Ne4 Qxd2+ 18. Kxd2 b5 19. b3 Kd8 20. g4 Ng6 21. Rab1 Nxh4
22. Rxh4 Kc7 23. Rbh1 Rhg8 24. Rh5 b4 25. g5 hxg5 26. Rxg5 f5 27. Rhg1 fxe4 28.
Rxg7 Rxg7 29. Rxg7 exf3 30. Bxf3 Rf8 31. Ke2 Kd8 32. Rh7 Bf5 33. Rh1 a5 34. e4
Bd7 35. Ke3 a4 36. Rh2 Rg8 37. Kf2 Rg7 38. Rh8+ Kc7 39. Rh1 e6 40. dxe6 Bxe6
41. Rh5 Kd7 42. e5 Bf7 43. Rh6 dxe5 44. Bc6+ Ke7 45. Bxa4 Rg6 46. Rh8 Be6 47.
Rh7+ Kd6 48. Be8 Rg8 49. Ba4 Bf5 50. Rf7 Be6 51. Rh7 Rf8+ 52. Ke3 Rf1 53. Rb7
Re1+ 54. Kd2 Ra1 55. Rb6+ Ke7 56. Rc6 Rxa2+ 57. Ke3 Bxc4 58. bxc4 Rxa4 59. Rxc5
Kf6 60. Ke4 Ra1 61. Rc6+ 1/2-1/2

[Event "Aalborg"]
[Site "Aalborg"]
[Date "1995.??.??"]
[Round "1"]
[White "Sorensen, Bent"]
[Black "Berg, Klaus"]
[Result "0-1"]
[WhiteElo "2300"]
[BlackElo "2420"]
[PlyCount "116"]
[EventDate "1995.??.??"]
[EventType "tourn"]
[EventRounds "9"]
[EventCountry "DEN"]
[EventCategory "8"]
[SourceTitle "CBM 049 Extra"]
[Source "ChessBase"]
[SourceDate "1996.01.01"]

1. Nf3 Nf6 2. g3 d5 3. Bg2 c6 4. O-O Bg4 5. d3 Nbd7 6. Nbd2 e5 7. h3 Bh5 8. e4
Bd6 9. b3 O-O 10. Bb2 Re8 11. a3 a5 12. Ra2 Qc7 13. Qa1 Rad8 14. Nh4 Bf8 15.
Re1 dxe4 16. dxe4 b5 17. Nf1 Nc5 18. a4 bxa4 19. bxa4 Nfd7 20. Bc3 f6 21. Rb2
Na6 22. Nd2 Bb4 23. Bxb4 Nxb4 24. Bf1 Nc5 25. Bc4+ Kh8 26. Nhf3 Rd7 27. Kg2
Red8 28. Nb3 Nxb3 29. cxb3 Nd3 30. Bxd3 Rxd3 31. g4 Bf7 32. b4 h5 33. g5 Be6
34. Re3 Rxe3 35. fxe3 axb4 36. Rxb4 c5 37. Rb5 Bc4 38. Rb2 Bd3 39. Qe1 Bxe4 40.
Qh4 Bxf3+ 41. Kxf3 Qf7 42. gxf6 gxf6 43. Rc2 Rg8 44. Qe4 Qe6 45. Rxc5 Qxh3+ 46.
Ke2 Rg1 47. Qa8+ Rg8 48. Qe4 Qg2+ 49. Kd3 Qb2 50. Qc4 Rd8+ 51. Ke4 Qg2+ 52. Kf5
Qg5+ 53. Ke6 h4 54. Rc7 h3 55. Qe4 Qh6 56. Ke7 Qf8+ 57. Ke6 Qd6+ 58. Kf5 Qxc7
0-1

[Event "Aalborg"]
[Site "Aalborg"]
[Date "1995.??.??"]
[Round "4"]
[White "Sorensen, Bent"]
[Black "Kovalev, Andrei"]
[Result "0-1"]
[WhiteElo "2300"]
[BlackElo "2505"]
[PlyCount "102"]
[EventDate "1995.??.??"]
[EventType "tourn"]
[EventRounds "9"]
[EventCountry "DEN"]
[EventCategory "8"]
[SourceTitle "CBM 049 Extra"]
[Source "ChessBase"]
[SourceDate "1996.01.01"]

1. Nf3 d6 2. d4 Bg4 3. e3 Nd7 4. Be2 Ngf6 5. O-O e5 6. b3 c6 7. Ba3 Qa5 8. c4
Be7 9. b4 Qc7 10. b5 cxb5 11. cxb5 e4 12. Nfd2 Bxe2 13. Qxe2 Rc8 14. Rc1 Qxc1+
15. Bxc1 Rxc1+ 16. Nf1 O-O 17. Qb2 Rfc8 18. Nbd2 R1c3 19. Nb3 d5 20. Rc1 Rxc1
21. Nxc1 Nb6 22. Ne2 Bd6 23. Nd2 Rc7 24. Nc3 h5 25. f3 exf3 26. gxf3 Re7 27.
Nd1 g5 28. Qb1 Re6 29. Qf5 Ne8 30. Kg2 Ng7 31. Qd3 g4 32. e4 gxf3+ 33. Kxf3
Bxh2 34. e5 Rg6 35. Nf1 Bg1 36. Nde3 Ne6 37. Nf5 Rg5 38. N1g3 h4 39. Nxh4 Bxd4
40. Nhf5 Nc4 41. Qd1 Nxe5+ 42. Ke2 Bc5 43. Qh1 Ng6 44. Kd2 Ngf4 45. Qh6 Rg6 46.
Qh4 Bb4+ 47. Kc2 d4 48. Ne4 d3+ 49. Kb3 d2 50. Kc2 Nd5 51. Qh2 Nd4+ 0-1

[Event "Aalborg"]
[Site "Aalborg"]
[Date "1995.??.??"]
[Round "8"]
[White "Sorensen, Bent"]
[Black "Kristiansen, Jens"]
[Result "0-1"]
[WhiteElo "2300"]
[BlackElo "2455"]
[PlyCount "70"]
[EventDate "1995.??.??"]
[EventType "tourn"]
[EventRounds "9"]
[EventCountry "DEN"]
[EventCategory "8"]
[SourceTitle "CBM 049 Extra"]
[Source "ChessBase"]
[SourceDate "1996.01.01"]

1. Nf3 g6 2. g3 Bg7 3. d4 Nf6 4. Bg2 O-O 5. O-O d6 6. c4 Nbd7 7. Nc3 e5 8. e4
Re8 9. Re1 exd4 10. Nxd4 Nc5 11. Rb1 c6 12. h3 a5 13. b3 Nfd7 14. Bb2 Ne5 15.
Re3 Qb6 16. Nce2 a4 17. f4 axb3 18. axb3 Ra2 19. fxe5 dxe5 20. Nc2 Rd8 21. Qe1
Nd3 22. Qc3 Bh6 23. c5 Bxe3+ 24. Nxe3 Qb5 25. Bf1 Rxb2 26. Rxb2 Nxb2 27. Qxb2
Qxc5 28. Qc3 Qxc3 29. Nxc3 b5 30. Be2 Kg7 31. Kf2 Rd2 32. Ned1 Be6 33. Ke3 Rd4
34. Nf2 Bxb3 35. Nd3 f6 0-1